Troska spôsobujúca trosky

Bibliographic Details
Main Authors: Fejdi, P. (Author), Čaplovičová, M. (Author), Bačík, Peter (Author)
Format: Article
Language:Slovak
Subjects:
Source: 1. Mineralia slovaca 1. Roč. 42, č. 2 (2010) 1. 0369-2086
2. Príl.: 2. Geovestník 2. Č. 2 (2010), s. 250
LEADER 00873nab#a2200325#ar4500
001 000103410
003 SVKKK
005 20101221140305.0
008 080509c2010 xo |||||||||||||||b|slo
FMT
015 |a SNBRB2010/12 
038 |a SVKKK 
040 |a SVKKK  |b slo  |e AACR2 
041 0 |a slo 
044 |a xo  |c SK 
080 |a 669.162.275.2  |2 1997 
080 |a 691  |2 1997 
100 1 |a Fejdi, P.  |4 aut 
245 1 0 |a Troska spôsobujúca trosky  |c P. Fejdi, M. Čaplovičová, P. Bačík 
650 0 4 |a vysokopecná troska  |x zmeny objemu  |x podkladové stavebné materiály 
700 1 |a Čaplovičová, M.  |4 aut 
700 1 |a Bačík, Peter  |4 aut 
773 0 |t Mineralia slovaca  |g Roč. 42, č. 2 (2010)  |x 0369-2086 
773 0 |i Príl.:  |t Geovestník  |g Č. 2 (2010), s. 250 
974 |a Ni 
992 |a RBX 
BAS
852 |a SVKKK  |b BIB 
EXP
998 |a GEO